00397nam a22001457a 450000500170000000800410001702000180005804100120007608200120008810000120010024500350011226000470014730000310019465000260022520240822072534.0240822b |||||||| |||| 00| 0 eng d a9781485151630 aEnglish a349 YEA lEnglish aYearbook of South African Law  aCape Town: bJuta and Company Ltd, c2024  blxv, 1272 pages; c25 cm.  aLegal practice bLaw